[Event "Oberliga Bayern 2122"]
[Site "Bayern"]
[Date "2022.05.15"]
[Round "5.1"]
[White "Schuster, Karsten"]
[Black "Kreisl, Robert"]
[Result "1/2-1/2"]
[WhiteElo "2275"]
[BlackElo "2398"]
[PlyCount "48"]
[EventDate "2021.10.24"]
[EventType "team-tourn"]
[EventRounds "9"]
[EventCountry "GER"]
[SourceTitle "EXT 2024"]
[Source "ChessBase"]
[SourceDate "2023.10.10"]
[SourceVersion "1"]
[SourceVersionDate "2023.10.10"]
[SourceQuality "1"]
[WhiteTeam "Groebenzell"]
[BlackTeam "Pang/Rosenheim"]
[WhiteTeamCountry "GER"]
[BlackTeamCountry "GER"]

1. d4 d5 2. c4 e6 3. Nc3 Nf6 4. cxd5 exd5 5. Bg5 c6 6. Qc2 h6 7. Bh4 g6 8. e3 Bf5 9. Qb3 Nbd7 10. Nf3 Qb6 11. Nd2 g5 12. Bg3 Nh5 13. Be2 Nxg3 14. hxg3 Qxb3 15. Nxb3 a5 16. Nc1 a4 17. Bd3 Be6 18. Bc2 a3 19. b3 Bg7 20. N1e2 Ke7 21. Rc1 f5 22. Bd3 Kd6 23. Kd2 Rhc8 24. Rc2 b6 1/2-1/2

[Event "Oberliga Bayern 2122"]
[Site "Bayern"]
[Date "2021.11.14"]
[Round "2.2"]
[White "Kreisl, Robert"]
[Black "Klimpel, Thomas"]
[Result "1-0"]
[WhiteElo "2398"]
[BlackElo "2026"]
[PlyCount "71"]
[EventDate "2021.10.24"]
[EventType "team-tourn"]
[EventRounds "9"]
[EventCountry "GER"]
[SourceTitle "EXT 2023"]
[Source "ChessBase"]
[SourceDate "2022.10.05"]
[SourceVersion "1"]
[SourceVersionDate "2022.10.05"]
[SourceQuality "1"]
[WhiteTeam "Pang/Rosenheim"]
[BlackTeam "Kareth Lappersdorf"]
[WhiteTeamCountry "GER"]
[BlackTeamCountry "GER"]

1. Nf3 g6 2. g3 Bg7 3. Bg2 d6 4. d4 Nf6 5. b3 0-0 6. Bb2 Nc6 7. 0-0 e5 8. dxe5 Ng4 9. c4 Ngxe5 10. Nc3 Nxf3+ 11. exf3 Be6 12. Qd2 Nd4 13. Rad1 Re8 14. Rfe1 h5 15. h4 Qd7 16. Kh2 Bf5 17. Nd5 c5 18. Re3 Re6 19. Nf4 Ree8 20. Nd5 Re6 21. Nf4 Ree8 22. Rde1 Be6 23. Nxe6 fxe6 24. f4 e5 25. fxe5 dxe5 26. Qd3 Kh7 27. Bxd4 exd4 28. Rxe8 Rxe8 29. Rxe8 Qxe8 30. Bxb7 Qe1 31. Kg2 Qe6 32. Be4 Qa6 33. Qf3 Kh8 34. Qf4 Kg8 35. Qg5 Qxa2 36. Qxg6 1-0

[Event "Fajr op 28th"]
[Site "Chabahar"]
[Date "2020.02.07"]
[Round "6"]
[White "Darini, Pouria"]
[Black "Kreisl, Robert"]
[Result "1/2-1/2"]
[WhiteElo "2432"]
[BlackElo "2397"]
[PlyCount "200"]
[EventDate "2020.02.03"]
[EventType "swiss"]
[EventRounds "9"]
[EventCountry "IRI"]
[SourceTitle "CBM 194 Extra"]
[Source "ChessBase"]
[SourceDate "2020.03.31"]
[SourceVersion "1"]
[SourceVersionDate "2020.03.31"]
[SourceQuality "1"]

1. e4 Nf6 2. e5 Nd5 3. d4 d6 4. Nf3 dxe5 5. Nxe5 c6 6. Be2 Bf5 7. 0-0 Nd7 8. Nf3 e6 9. c4 N5f6 10. Nc3 Ne4 11. Qb3 Nxc3 12. bxc3 Qc7 13. Bg5 h6 14. Bh4 b6 15. a4 Bd6 16. a5 0-0 17. Qa4 Rab8 18. Bg3 Bxg3 19. hxg3 Rfe8 20. Rfd1 Bg4 21. Re1 e5 22. axb6 axb6 23. Bd3 Bxf3 24. gxf3 exd4 25. cxd4 Qd6 26. Be4 Nf6 27. Bxc6 Rxe1+ 28. Rxe1 Qxd4 29. Kg2 Rc8 30. Bb5 Rd8 31. Qa7 Qc5 32. Re2 h5 33. Qe7 Qxe7 34. Rxe7 Rd6 35. Ba4 g6 36. Ra7 Kf8 37. Ra8+ Ke7 38. Rb8 g5 39. Bc2 g4 40. Bf5 Rc6 41. fxg4 hxg4 42. Rb7+ Kf8 43. Bb1 Rd6 44. Bf5 Rc6 45. Bd3 Rd6 46. Be2 Kg7 47. Kf1 Kf8 48. Ra7 Re6 49. Ra8+ Kg7 50. Rd8 Kg6 51. Bd3+ Kg5 52. Rd4 Re5 53. Rd6 Re6 54. Rd8 Ne4 55. Rd5+ f5 56. Kg2 Kf6 57. Bc2 Re5 58. Rd8 Ng5 59. Rf8+ Kg6 60. Rg8+ Kf6 61. Rf8+ Kg6 62. Rb8 Nf3 63. Rxb6+ Kg5 64. Bd1 Ne1+ 65. Kh2 Nf3+ 66. Kg2 Ne1+ 67. Kf1 Nd3 68. Be2 Nc1 69. Rb2 Re4 70. c5 Nxe2 71. Rxe2 Rc4 72. Re5 Kf6 73. Rd5 Ke6 74. Rd6+ Ke5 75. Rc6 Kd5 76. Rd6+ Ke5 77. Rc6 Kd5 78. Rc8 Rxc5 79. Re8 Kd4 80. Re6 Re5 81. Ra6 Rb5 82. Ra4+ Ke5 83. Ra8 Rb2 84. Re8+ Kf6 85. Ke1 Ra2 86. Re3 f4 87. gxf4 Kf5 88. Kf1 Kxf4 89. Kg2 Ra4 90. Rb3 Rc4 91. Rb8 Rc3 92. Rf8+ Kg5 93. f4+ gxf3+ 94. Kg3 f2+ 95. Kg2 Rc2 96. Kf1 Kg4 97. Rf3 Rc1+ 98. Kg2 Rg1+ 99. Kxf2 Rf1+ 100. Kxf1 Kxf3 1/2-1/2

[Event "Fajr op 28th"]
[Site "Chabahar"]
[Date "2020.02.04"]
[Round "2"]
[White "Kreisl, Robert"]
[Black "Ghaem Maghami, Ehsan"]
[Result "1/2-1/2"]
[WhiteElo "2397"]
[BlackElo "2558"]
[PlyCount "21"]
[EventDate "2020.02.03"]
[EventType "swiss"]
[EventRounds "9"]
[EventCountry "IRI"]
[SourceTitle "CBM 194 Extra"]
[Source "ChessBase"]
[SourceDate "2020.03.31"]
[SourceVersion "1"]
[SourceVersionDate "2020.03.31"]
[SourceQuality "1"]

1. c4 Nf6 2. Nc3 e6 3. e4 d5 4. e5 Ne4 5. Nf3 c5 6. cxd5 Nxc3 7. dxc3 exd5 8. Bg5 Be7 9. Bxe7 Kxe7 10. Qd2 Nc6 11. Bb5 1/2-1/2

[Event "AUT-chT 1920"]
[Site "Austria"]
[Date "2020.01.09"]
[Round "5.4"]
[White "Kreisl, Robert"]
[Black "Poetz, Florian"]
[Result "1/2-1/2"]
[WhiteElo "2391"]
[BlackElo "2422"]
[PlyCount "46"]
[EventDate "2019.10.10"]
[EventType "team-tourn"]
[EventRounds "11"]
[EventCountry "AUT"]
[SourceTitle "CBM 194 Extra"]
[Source "ChessBase"]
[SourceDate "2020.03.31"]
[SourceVersion "1"]
[SourceVersionDate "2020.03.31"]
[SourceQuality "1"]
[WhiteTeam "Maria Saal"]
[BlackTeam "Fuerstenfeld"]
[WhiteTeamCountry "AUT"]
[BlackTeamCountry "AUT"]

1. d4 Nf6 2. Nc3 d6 3. Nf3 Bg4 4. e4 e6 5. h3 Bh5 6. Qe2 Bxf3 7. Qxf3 c6 8. Be2 d5 9. 0-0 dxe4 10. Qe3 Be7 11. Nxe4 0-0 12. Rd1 Nbd7 13. Nxf6+ Nxf6 14. c4 Qc7 15. b3 Bd6 16. Bb2 Rfe8 17. Bf3 Rad8 18. Bc3 Qe7 19. g3 Bb4 20. Bb2 Ba3 21. Bc3 Bb4 22. Bb2 Ba3 23. Bc3 Bb4 1/2-1/2

[Event "Steyr Landesliga 1920"]
[Site "Austria"]
[Date "2019.10.19"]
[Round "3.1"]
[White "Kreisl, Robert"]
[Black "Webersberger, Johann"]
[Result "1/2-1/2"]
[WhiteElo "2391"]
[BlackElo "2373"]
[PlyCount "28"]
[EventDate "2019.09.28"]
[EventType "team-tourn"]
[EventRounds "11"]
[EventCountry "AUT"]
[SourceTitle "CBM 193 Extra"]
[Source "ChessBase"]
[SourceDate "2020.01.31"]
[SourceVersion "1"]
[SourceVersionDate "2020.01.31"]
[SourceQuality "1"]
[WhiteTeam "Krieglach Windheimat"]
[BlackTeam "Leoben"]
[WhiteTeamCountry "AUT"]
[BlackTeamCountry "AUT"]

1. Nf3 c5 2. c4 Nc6 3. Nc3 g6 4. e3 Nf6 5. d4 cxd4 6. exd4 d5 7. cxd5 Nxd5 8. Qb3 Nxc3 9. Bc4 Nd5 10. Bxd5 e6 11. Bxc6+ bxc6 12. 0-0 Qd5 13. Be3 Qxb3 14. axb3 f6 1/2-1/2

[Event "AUT-chT 1920"]
[Site "Austria"]
[Date "2019.10.11"]
[Round "2.6"]
[White "Kreisl, Robert"]
[Black "Danin, Alexandre"]
[Result "1/2-1/2"]
[WhiteElo "2391"]
[BlackElo "2515"]
[PlyCount "82"]
[EventDate "2019.10.10"]
[EventType "team-tourn"]
[EventRounds "11"]
[EventCountry "AUT"]
[SourceTitle "EXT 2020"]
[Source "ChessBase"]
[SourceDate "2019.10.17"]
[SourceVersion "1"]
[SourceVersionDate "2019.10.17"]
[SourceQuality "1"]
[WhiteTeam "Maria Saal"]
[BlackTeam "Raika Feffernitz"]
[WhiteTeamCountry "AUT"]
[BlackTeamCountry "AUT"]

1. d4 d5 2. c4 c6 3. cxd5 cxd5 4. Bf4 Nc6 5. e3 Nf6 6. Nc3 e6 7. Bd3 Be7 8. h3 0-0 9. a3 a6 10. Nf3 Bd6 11. Bxd6 Qxd6 12. 0-0 Bd7 13. Na4 e5 14. dxe5 Nxe5 15. Nxe5 Qxe5 16. Nb6 Rad8 17. Nxd7 Rxd7 18. Qb3 d4 19. exd4 Rxd4 20. Rfe1 Qd5 21. Qxd5 Rxd5 22. Be4 Nxe4 23. Rxe4 Rfd8 24. Rc1 Kf8 25. Kf1 Rd2 26. Rb4 b5 27. Ke1 R2d5 28. a4 Re5+ 29. Kf1 Rd2 30. Re1 Rc5 31. Rbe4 g6 32. axb5 Rxb5 33. b4 Rb2 34. Ra1 Rb6 35. Rf4 g5 36. Rf5 h6 37. Rfa5 Rf6 38. f3 Rd6 39. R5a2 Rxb4 40. Rxa6 Rxa6 41. Rxa6 Kg7 1/2-1/2

[Event "Mashhad Ferdowsi op 9th"]
[Site "Mashhad"]
[Date "2019.03.03"]
[Round "4"]
[White "Kreisl, Robert"]
[Black "Mosadeghpour, Masoud"]
[Result "1/2-1/2"]
[WhiteElo "2427"]
[BlackElo "2542"]
[PlyCount "68"]
[EventDate "2019.03.01"]
[EventType "swiss"]
[EventRounds "9"]
[EventCountry "IRI"]
[SourceTitle "CBM 189 Extra"]
[Source "ChessBase"]
[SourceDate "2019.06.03"]
[SourceVersion "1"]
[SourceVersionDate "2019.06.03"]
[SourceQuality "1"]

1. d4 Nf6 2. Bg5 d5 3. Bxf6 exf6 4. e3 Bd6 5. c4 dxc4 6. Bxc4 0-0 7. Nc3 c5 8. dxc5 Be7 9. Qxd8 Bxd8 10. Rc1 Nd7 11. b4 a5 12. a3 axb4 13. axb4 Ne5 14. Be2 Nc6 15. b5 Na5 16. Bd1 Be6 17. Nf3 Rc8 18. Na4 Be7 19. Nd4 Bc4 20. Bg4 Rc7 21. b6 Rxc5 22. Nxc5 Bxc5 23. Be2 Bxd4 24. Bxc4 Bxb6 25. Bd5 Rd8 26. e4 f5 27. f3 fxe4 28. fxe4 Nc6 29. Bxc6 Rc8 30. Rb1 Rxc6 31. Ke2 Re6 32. Kd3 Rd6+ 33. Ke2 Re6 34. Kd3 Rd6+ 1/2-1/2

[Event "Karoun Masters Cup 6th"]
[Site "Ahvaz"]
[Date "2019.02.26"]
[Round "8"]
[White "Kreisl, Robert"]
[Black "Danielyan, Vahe"]
[Result "1/2-1/2"]
[WhiteElo "2424"]
[BlackElo "2186"]
[PlyCount "97"]
[EventDate "2019.02.21"]
[EventType "swiss"]
[EventRounds "9"]
[EventCountry "IRI"]
[SourceTitle "CBM 189 Extra"]
[Source "ChessBase"]
[SourceDate "2019.06.03"]
[SourceVersion "1"]
[SourceVersionDate "2019.06.03"]
[SourceQuality "1"]

1. e4 e5 2. Nc3 Nc6 3. Bc4 Nf6 4. d3 Bc5 5. f4 d6 6. Nf3 a6 7. Nd5 Bg4 8. c3 Ba7 9. h3 Bd7 10. fxe5 Nxd5 11. Bxd5 Nxe5 12. d4 c6 13. Bb3 Nxf3+ 14. Qxf3 Qh4+ 15. g3 Qe7 16. 0-0 0-0-0 17. Kg2 Rhf8 18. Bc2 f6 19. a4 g5 20. b4 h5 21. Qd3 Qe6 22. Rf5 d5 23. exd5 cxd5 24. Qf1 Qc6 25. Bd2 Bxf5 26. Bxf5+ Kb8 27. b5 axb5 28. axb5 Qd6 29. Bc1 Rfe8 30. Bg6 Rg8 31. Bxh5 Bb6 32. Ba3 Qc7 33. Bb4 Qh7 34. Qxf6 Bc7 35. Qf3 Rh8 36. Bg4 Rhe8 37. Bf5 Qh6 38. Bg4 Qg6 39. Bf5 g4 40. Bxg4 Qh6 41. b6 Qxb6 42. Qf2 Qh6 43. Qa2 Bb6 44. Rb1 Re4 45. Qb2 Rxg4 46. hxg4 Rh8 47. Bd6+ Qxd6 48. Qxb6 Qe7 49. Rf1 1/2-1/2

[Event "AUT-chT 1819"]
[Site "Austria"]
[Date "2019.01.20"]
[Round "8.5"]
[White "Kreisl, Robert"]
[Black "Moser, Guenter"]
[Result "1/2-1/2"]
[WhiteElo "2427"]
[BlackElo "2294"]
[PlyCount "61"]
[EventDate "2018.11.15"]
[EventType "team-tourn"]
[EventRounds "11"]
[EventCountry "AUT"]
[SourceTitle "CBM 188 Extra"]
[Source "ChessBase"]
[SourceDate "2019.02.26"]
[SourceVersion "1"]
[SourceVersionDate "2019.02.26"]
[SourceQuality "1"]
[WhiteTeam "Maria Saal"]
[BlackTeam "Ansfelden"]
[WhiteTeamCountry "AUT"]
[BlackTeamCountry "AUT"]

1. d4 f5 2. Nc3 d5 3. Bf4 c6 4. e3 Nf6 5. Bd3 Be6 6. Nf3 g6 7. Ne2 Nbd7 8. h3 Ne4 9. h4 h5 10. Ne5 Rg8 11. f3 Nef6 12. b3 Bf7 13. Nxd7 Nxd7 14. c4 e6 15. Qd2 Be7 16. Bg3 Kf8 17. e4 Kg7 18. cxd5 cxd5 19. exd5 exd5 20. Rc1 Qb6 21. 0-0 Rac8 22. Rxc8 Rxc8 23. Rc1 Rxc1+ 24. Qxc1 Bf6 25. Bf2 Nb8 26. Qc3 Nc6 27. a3 a5 28. a4 Qd8 29. g3 Qe7 30. Kf1 Qb4 31. Qxb4 1/2-1/2

[Event "AUT-chT 1819"]
[Site "Austria"]
[Date "2019.01.18"]
[Round "6.5"]
[White "Kreisl, Robert"]
[Black "Leeb, Simon"]
[Result "1-0"]
[WhiteElo "2427"]
[BlackElo "2181"]
[PlyCount "157"]
[EventDate "2018.11.15"]
[EventType "team-tourn"]
[EventRounds "11"]
[EventCountry "AUT"]
[SourceTitle "CBM 188 Extra"]
[Source "ChessBase"]
[SourceDate "2019.02.26"]
[SourceVersion "1"]
[SourceVersionDate "2019.02.26"]
[SourceQuality "1"]
[WhiteTeam "Maria Saal"]
[BlackTeam "Salzburg Royal"]
[WhiteTeamCountry "AUT"]
[BlackTeamCountry "AUT"]

1. d4 d5 2. Bf4 Nf6 3. Nc3 a6 4. e3 e6 5. Nf3 Nbd7 6. h3 c5 7. Be2 Qb6 8. a3 Bd6 9. Bxd6 Qxd6 10. dxc5 Nxc5 11. Qd4 Qc7 12. 0-0 0-0 13. Rfc1 Rd8 14. Qe5 Qxe5 15. Nxe5 Ne8 16. a4 f6 17. Nd3 Nxd3 18. Bxd3 Bd7 19. e4 dxe4 20. Nxe4 Rac8 21. b4 Rc6 22. Rd1 f5 23. Nc5 Bc8 24. Bc4 Rxd1+ 25. Rxd1 Kf7 26. a5 Ke7 27. Bb3 Rd6 28. Re1 Nc7 29. c4 Rd4 30. Kf1 Ne8 31. Ke2 Nd6 32. Rd1 Rh4 33. Rc1 Bd7 34. Nxd7 Kxd7 35. Kd3 Re4 36. f3 Re5 37. Ba4+ Ke7 38. c5 Rd5+ 39. Kc3 Nc8 40. c6 b5 41. axb6 Nxb6 42. Bb3 Rd6 43. b5 axb5 44. Kb4 Kd8 45. Kxb5 Kc7 46. Ra1 Nc8 47. Ra8 Rd3 48. Bxe6 Nd6+ 49. Kc5 Rc3+ 50. Kd5 Rd3+ 51. Kc5 Rc3+ 52. Kd4 Rc2 53. Ra7+ Kxc6 54. Bd5+ Kb6 55. Rxg7 Re2 56. f4 h5 57. Bf3 Re8 58. Bxh5 Re4+ 59. Kd5 Nb5 60. Bf3 Nc3+ 61. Kd6 Nb5+ 62. Kd5 Nc3+ 63. Kd6 Nb5+ 64. Kd7 Rxf4 65. Ke6 Rh4 66. Kxf5 Nd4+ 67. Kg5 Nxf3+ 68. gxf3 Rxh3 69. f4 Kc6 70. Re7 Kd6 71. Re1 Kd7 72. f5 Rh8 73. Kg6 Rg8+ 74. Kf7 Rg2 75. Rd1+ Kc7 76. f6 Rg3 77. Kf8 Rg2 78. f7 Rg3 79. Rd4 1-0

[Event "AUT-chT2M 1819"]
[Site "Austria"]
[Date "2018.11.24"]
[Round "4.4"]
[White "Kreisl, Robert"]
[Black "Taggatz, Mario"]
[Result "1/2-1/2"]
[WhiteElo "2427"]
[BlackElo "2203"]
[PlyCount "81"]
[EventDate "2018.10.19"]
[EventType "team-tourn"]
[EventRounds "11"]
[EventCountry "AUT"]
[SourceTitle "CBM 187 Extra"]
[Source "ChessBase"]
[SourceDate "2018.11.04"]
[SourceVersion "1"]
[SourceVersionDate "2018.11.04"]
[SourceQuality "1"]
[WhiteTeam "Maria Saal II"]
[BlackTeam "Sauwald"]
[WhiteTeamCountry "AUT"]
[BlackTeamCountry "AUT"]

1. e4 e6 2. Nf3 d5 3. exd5 exd5 4. d4 Bd6 5. c4 dxc4 6. Bxc4 Nf6 7. Qe2+ Qe7 8. Qxe7+ Bxe7 9. 0-0 Nbd7 10. Re1 Nb6 11. Bb3 Nfd5 12. Nc3 Be6 13. Bg5 Rd8 14. Bxe7 Kxe7 15. Ne4 Kf8 16. Nc5 Bc8 17. Re5 g6 18. Rae1 Kg7 19. a3 h6 20. h4 Rhf8 21. Ba2 Nf6 22. Ne4 Bg4 23. Nxf6 Kxf6 24. R1e4 Bxf3 25. Rf4+ Kg7 26. gxf3 h5 27. Rfe4 Rd7 28. f4 Nc8 29. d5 Nd6 30. Ra4 a6 31. Bb1 Re8 32. Kg2 Rde7 33. Rxe7 Rxe7 34. Bd3 Kf6 35. Rb4 a5 36. Rb3 b6 37. Rc3 Rd7 38. Kf3 Ke7 39. b4 axb4 40. axb4 Kf6 41. Rc6 1/2-1/2

[Event "AUT-chT 1819"]
[Site "Austria"]
[Date "2018.11.15"]
[Round "1.4"]
[White "Kessler, Luca"]
[Black "Kreisl, Robert"]
[Result "1/2-1/2"]
[WhiteElo "2407"]
[BlackElo "2427"]
[PlyCount "113"]
[EventDate "2018.11.15"]
[EventType "team-tourn"]
[EventRounds "11"]
[EventCountry "AUT"]
[SourceTitle "CBM 187 Extra"]
[Source "ChessBase"]
[SourceDate "2018.11.04"]
[SourceVersion "1"]
[SourceVersionDate "2018.11.04"]
[SourceQuality "1"]
[WhiteTeam "Goetzis"]
[BlackTeam "Maria Saal"]
[WhiteTeamCountry "AUT"]
[BlackTeamCountry "AUT"]

1. g3 g6 2. Bg2 Bg7 3. e4 c5 4. d3 Nc6 5. f4 d6 6. Nf3 e5 7. 0-0 Nge7 8. Nc3 0-0 9. Kh1 Nd4 10. Be3 Bg4 11. h3 Bxf3 12. Bxf3 Nxf3 13. Qxf3 exf4 14. Bxf4 Qd7 15. g4 b5 16. Rae1 b4 17. Nd1 d5 18. e5 Nc6 19. Qe3 d4 20. e6 Qd5+ 21. Qe4 fxe6 22. Qxd5 exd5 23. Bd6 Rxf1+ 24. Rxf1 Re8 25. Kg2 c4 26. Rf2 Re1 27. Rf1 Re2+ 28. Rf2 Re1 29. Rf1 Re6 30. Bg3 Be5 31. Re1 Kf7 32. Nf2 Bxg3 33. Rxe6 Kxe6 34. Kxg3 Ke5 35. h4 h6 36. Nh3 a5 37. b3 cxd3 38. cxd3 Na7 39. Ng1 Nb5 40. Nf3+ Kf6 41. Kf4 g5+ 42. hxg5+ hxg5+ 43. Nxg5 Nc3 44. Nh7+ Kg7 45. Ng5 Kf6 46. Nh7+ Ke7 47. Ng5 Nxa2 48. Nf3 Nc1 49. Nxd4 Nxd3+ 50. Kf5 Kf7 51. g5 Nc5 52. Ke5 Kg6 53. Kxd5 Nxb3 54. Nxb3 a4 55. Kc4 axb3 56. Kxb3 Kxg5 57. Kxb4 1/2-1/2

[Event "Steyr Landesliga 1819"]
[Site "Austria"]
[Date "2018.10.13"]
[Round "2.2"]
[White "Kreisl, Robert"]
[Black "Birk, Steffen"]
[Result "1-0"]
[WhiteElo "2431"]
[BlackElo "2224"]
[PlyCount "55"]
[EventDate "2018.10.06"]
[EventType "team-tourn"]
[EventRounds "11"]
[EventCountry "AUT"]
[SourceTitle "CBM 187 Extra"]
[Source "ChessBase"]
[SourceDate "2018.11.04"]
[SourceVersion "1"]
[SourceVersionDate "2018.11.04"]
[SourceQuality "1"]
[WhiteTeam "Gamlitz"]
[BlackTeam "Graz Schachfreunde"]
[WhiteTeamCountry "AUT"]
[BlackTeamCountry "AUT"]

1. Nf3 d5 2. g3 Bg4 3. Bg2 Nd7 4. h3 Bh5 5. c4 c6 6. cxd5 cxd5 7. Qb3 Qc7 8. Nc3 e6 9. d3 a6 10. 0-0 Bd6 11. e4 Nc5 12. Qc2 dxe4 13. dxe4 Nd7 14. Qa4 Kf8 15. Nb5 Qc6 16. Nfd4 Qb6 17. Nxd6 Qxd6 18. Bf4 e5 19. Nf5 b5 20. Qb3 Qe6 21. Qa3+ Ne7 22. Bd2 Re8 23. Bb4 Nb8 24. Rac1 Nbc6 25. Rxc6 Qxc6 26. Nxe7 Qe6 27. Nd5+ Kg8 28. Nc7 1-0

[Event "Riga Tech op 8th"]
[Site "Riga"]
[Date "2018.08.09"]
[Round "5"]
[White "Kreisl, Robert"]
[Black "Smirin, Ilia"]
[Result "0-1"]
[WhiteElo "2404"]
[BlackElo "2602"]
[PlyCount "76"]
[EventDate "2018.08.06"]
[EventType "swiss"]
[EventRounds "9"]
[EventCountry "LAT"]
[SourceTitle "CBM 185 Extra"]
[Source "ChessBase"]
[SourceDate "2018.07.29"]
[SourceVersion "1"]
[SourceVersionDate "2018.07.29"]
[SourceQuality "1"]

1. Nf3 Nf6 2. g3 d6 3. d4 g6 4. Bg2 Bg7 5. 0-0 0-0 6. c4 Nc6 7. Nc3 a6 8. b3 Bd7 9. Bb2 e5 10. dxe5 dxe5 11. Nd5 Re8 12. Nxf6+ Bxf6 13. Nd2 Bg7 14. Ne4 Qc8 15. Nc5 Bh3 16. e3 Bxg2 17. Kxg2 e4 18. Bxg7 Kxg7 19. f4 b6 20. Na4 Ne7 21. g4 h5 22. f5 gxf5 23. gxf5 Nxf5 24. Kh1 Ng3+ 25. hxg3 Qh3+ 26. Kg1 Qxg3+ 27. Kh1 Qh3+ 28. Kg1 Re5 29. Qd4 f6 30. Rf4 c5 31. Qc3 Rd8 32. Kf2 Qh2+ 33. Ke1 Rd3 34. Rf2 Qg1+ 35. Ke2 Qg4+ 36. Kf1 Rxc3 37. Nxc3 Rf5 38. Re1 Rf3 0-1